000 02220nam0a2200361 4500
001 RU\NLR\bibl\1515493
005 20260407230154.0
010 _a978-5-8311-0468-4
_9300
021 _aRU
_b2010-29376
_91976
035 _a(NLR Aleph) 001506874
090 _a55523
_c55523
100 _a20100526d2010 |||y0rusy50 ca
101 0 _arus
102 _aRU
105 _ay |||||||||
200 1 _aИнформационные матермалы к семинару "Работа междисциплинарной команды специалистов в области социального и психолого-педагогического сопровождения семей, воспитывающих детей с функциональными нарушениями. Стандарты и процедуры"
210 _aВладимир
_cТанзит-ИКС
_d2010
215 _a43 с.
_d21
606 1 _aСемьи с детьми-инвалидами
_xСоциальная работа
_92243125
_3RU\NLR\auth\661345874
606 1 _aСемьи, воспитывающие детей с ограниченными возможностями здоровья
_xПедагогическая поддержка
_92105109
_3RU\NLR\AUTH\661576378
606 1 _aСемьи с детьми-инвалидами
_xПедагогическая поддержка
_92620322
_3RU\NLR\auth\661556882
606 1 _aДети-инвалиды
_xВоспитание в семье
_92503296
_3RU\NLR\auth\661484532
686 _aС550.473
686 _aС550.325.2
686 _aЧ491.95
686 _aЧ491.08
710 1 2 _a"Работа междисциплинарной команды специалистов в области социального и психолого-педагогического сопровождения семей, воспитывающих детей с функциональными нарушениями. Стандарты и процедуры", семинар
_f2008
_eНижний Новгород
_3RU\NLR\AUTH\8810155159
_9805634
801 0 _aRU
_bNLR
_c20100526
_gRCR
801 1 _aRU
_bNLR
_c20100526
942 _cBOOK
980 _aNB